| 000 | 00739nas a2200217 4500 | ||
|---|---|---|---|
| 001 | BR7704180 | ||
| 003 | BR-BrBNA | ||
| 005 | 20231205083217.0 | ||
| 007 | ta | ||
| 008 | 230509b bl.|||p| |||| 00| 00por d | ||
| 040 |
_aBR-BrBNA _bpor _cBiblioteca Nacional de Agricultura |
||
| 041 | _a(Pt) | ||
| 072 | _aL70 | ||
| 100 | 1 | _aSanches, F.S. (ed.) | |
| 245 | 1 | _aPainel sobre animais de laboratorio: importancia, situacao atual, necessidades | |
| 650 | _aVETERINARIA | ||
| 650 | _aCOBAIA | ||
| 773 | 0 |
_tComunicacoes Cientificas da Faculdade de Medicina Veterinaria e Zootecnia da Universidade de Sao Paulo (Brazil) _xISSN 0100-3313 _g(1977), v. 1(3-4) p. 7-48 _wBR7704180 |
|
| 909 |
_a202311 _bLúcia _c55 _dLúcia Elande |
||
| 942 |
_2AGRIS _n0 _cANA |
||
| 999 |
_c97178 _d97178 |
||